| Tag |
First Indicator |
Second Indicator |
Subfields |
| LEADER |
00000nmm a22000001a 4500 |
| 001 |
in00004612021 |
| 006 |
m|||||o||m|||||||| |
| 007 |
cr|cn |||uuuuu |
| 008 |
221118s2022 xxu||||bo|||| ||||||eng d |
| 005 |
20221207213711.2 |
| 035 |
|
|
|a (TxWaIVM)IV88756ABAn
|
| 040 |
|
|
|a TxWaIVM
|c TxWaIVM
|
| 245 |
0 |
0 |
|a Ana & Andrew: Dancing at Carnival /
|c powered by Library Pass.
|
| 260 |
3 |
|
|a [United States] :
|b ABDO,
|c 2022.
|
| 300 |
|
|
|a 1 online resource.
|
| 336 |
|
|
|a text
|b txt
|2 rdacontent
|
| 337 |
|
|
|a computer
|b c
|2 rdamedia
|
| 338 |
|
|
|a online resource
|b cr
|2 rdacarrier
|
| 520 |
|
|
|a During Carnival, Ana and Andrew travel to visit their family on the island of Trinidad. They love watching the parade and dancing to the music. This year, they learn how their ancestors helped create the holiday! Aligned to Common Core standards and correlated to state standards. Calico Kid is an imprint of Magic Wagon, a division of ABDO.
|
| 521 |
|
|
|a 1
|
| 538 |
|
|
|a Requires a valid library card and registration for new users.
|
| 538 |
|
|
|a Mode of access: World Wide Web.
|
| 538 |
|
|
|a System requirements: Flash 10.1 or higher, Windows XP and higher, Internet Explorer 7 and higher, Firefox 3.6 and higher, Google Chrome; Max OS 10.5 and higher, Safari 4 and higher.
|
| 650 |
|
0 |
|a Comic books, strips, etc. --Children
|
| 655 |
|
7 |
|a Electronic books.
|2 local
|
| 655 |
|
7 |
|a Comic books, strips, etc. --Children
|2 gsafd
|
| 650 |
|
0 |
|a Comic books, strips, etc. --Education
|
| 655 |
|
7 |
|a Comic books, strips, etc. --Education
|2 gsafd
|
| 650 |
|
0 |
|a Comic books, strips, etc. --Fiction
|
| 655 |
|
7 |
|a Comic books, strips, etc. --Fiction
|2 gsafd
|
| 650 |
|
0 |
|a Comic books, strips, etc. --History
|
| 655 |
|
7 |
|a Comic books, strips, etc. --History
|2 gsafd
|
| 650 |
|
0 |
|a Comic books, strips, etc. --Holidays
|
| 655 |
|
7 |
|a Comic books, strips, etc. --Holidays
|2 gsafd
|
| 650 |
|
0 |
|a Humor
|
| 655 |
|
7 |
|a Humor
|2 gsafd
|
| 650 |
|
0 |
|a Comic books, strips, etc. --Music
|
| 655 |
|
7 |
|a Comic books, strips, etc. --Music
|2 gsafd
|
| 650 |
|
0 |
|a Comic books, strips, etc.
|
| 655 |
|
7 |
|a Comic books, strips, etc.
|2 gsafd
|
| 650 |
|
0 |
|a Early Readers
|
| 655 |
|
7 |
|a Early Readers
|2 gsafd
|
| 700 |
1 |
|
|a Platt, Christine.
|e writer.
|
| 700 |
1 |
|
|a Sordo, Sharon.
|e artist.
|
| 710 |
2 |
|
|a Library Pass, LLC.
|
| 856 |
4 |
0 |
|u http://proxy.library.tamu.edu/login?url=https://tamu.librarypass.com/product/abdo.ana.andrew.dancing.at.carnival.english.05052022
|z Connect to this electronic book (First time users create your free account)
|t 0
|
| 955 |
|
|
|a Comics Plus.
|
| 999 |
f |
f |
|s 6e6d2a43-dac6-4fb3-acf9-bee9d03e8de1
|i 8692d2c5-e9aa-41b5-b568-d3407e7c1333
|t 0
|
| 952 |
f |
f |
|a Texas A&M University
|b College Station
|c Electronic Resources
|d Available Online
|t 0
|h Library of Congress classification
|
| 998 |
f |
f |
|t 0
|l Available Online
|